Cassidy Trivia (Overwatch) - Statistics

General Stats
  • This quiz has been taken 64 times
  • The average score is 9 of 20
Answer Stats
Hint Answer % Correct
What is Cole's nationality? American
96%
What type of hero is Cole? Damage
91%
What is Cole's ultimate voice line, as heard by enemies? "It's high noon"
79%
What is the abbreviation on Cole's belt buckle? BAMF
66%
Before he was renamed, what was Cole's full name? Jesse McCree
64%
What is the name of Cole's ultimate ability? Deadeye
62%
After Winston initiates the Overwatch recall, who does Cole convince to join in his place? Echo
51%
What is the name of the band of criminals Cole was a member of before joining Blackwatch? Deadlock Gang
49%
What is Cole's ultimate voice line when the lifeguard skin is equipped, as heard by enemies? "It's high tide"
49%
What is the name of Cole's revolver? Peacekeeper
34%
Who is the English voice actor for Cole? Matthew Mercer
32%
Pharah
32%
Who did Cole recruit into Overwatch following Winston's recall? Baptiste
30%
What is the nickname that Cole signs off as in his Post-Toronto journal entry? Cass
30%
Zarya
30%
D.Va
25%
What city is Cole from? Santa Fe
19%
What is Cole's ultimate voice line, as heard by allies? "Step right up"
17%
What is the name of the cinematic Cole is the primary character of? Reunion
15%
When is Cole's birthday? July 31st
9%
No matching quizzes found
Score Distribution
Percent of People with Each Score
Percentile by Number Answered
Your Score History
You have not taken this quiz